<?xml version="1.0" encoding="UTF-8"?>
<collection xmlns="http://www.loc.gov/MARC21/slim">
 <record>
  <leader>     na                 </leader>
  <controlfield tag="001">INLIS000000000000821</controlfield>
  <controlfield tag="005">20250704121553</controlfield>
  <datafield tag="035" ind1=" " ind2=" ">
   <subfield code="a">0010-0725000257</subfield>
  </datafield>
  <controlfield tag="007">ta</controlfield>
  <controlfield tag="008">250704                g          0 ind  </controlfield>
  <datafield tag="020" ind1=" " ind2=" ">
   <subfield code="a">978-623-216-879-4</subfield>
  </datafield>
  <datafield tag="082" ind1=" " ind2=" ">
   <subfield code="a">520</subfield>
  </datafield>
  <datafield tag="084" ind1=" " ind2=" ">
   <subfield code="a">520  NID j</subfield>
  </datafield>
  <datafield tag="100" ind1="0" ind2=" ">
   <subfield code="a">Nida Labibah, S.Pd</subfield>
  </datafield>
  <datafield tag="245" ind1="1" ind2=" ">
   <subfield code="a">Jelajah Luar Angkasa :</subfield>
   <subfield code="b">Astronom /</subfield>
   <subfield code="c">Nida Labibah, S.Pd</subfield>
  </datafield>
  <datafield tag="250" ind1=" " ind2=" ">
   <subfield code="a">cet 1</subfield>
  </datafield>
  <datafield tag="260" ind1=" " ind2=" ">
   <subfield code="a">Magelang :</subfield>
   <subfield code="b">Penerbit Ranah Buku,</subfield>
   <subfield code="c">2024</subfield>
  </datafield>
  <datafield tag="300" ind1=" " ind2=" ">
   <subfield code="a">16 hlm :</subfield>
   <subfield code="b">ils ;</subfield>
   <subfield code="c">20 cm</subfield>
  </datafield>
  <datafield tag="990" ind1=" " ind2=" ">
   <subfield code="a">1696/MP.H/2025</subfield>
  </datafield>
 </record>
</collection>
